Manual de literatura hispanoamericana / (Record no. 121236)
[ view plain ]
| 000 -LEADER | |
|---|---|
| fixed length control field | 00769nam a22002177a 4500 |
| 005 - DATE AND TIME OF LATEST TRANSACTION | |
| control field | 20161108100831.0 |
| 008 - FIXED-LENGTH DATA ELEMENTS--GENERAL INFORMATION | |
| fixed length control field | 161108b sp||||| |||| 00| 0 spa d |
| 020 ## - INTERNATIONAL STANDARD BOOK NUMBER | |
| International Standard Book Number | 8485511263 (o.c.) |
| 020 ## - INTERNATIONAL STANDARD BOOK NUMBER | |
| International Standard Book Number | 8485511255 (v.I) |
| 020 ## - INTERNATIONAL STANDARD BOOK NUMBER | |
| International Standard Book Number | 848551159X (v.III) |
| 050 04 - LIBRARY OF CONGRESS CALL NUMBER | |
| Classification number | PQ7081 |
| Item number | M36 2000 |
| 245 00 - TITLE STATEMENT | |
| Title | Manual de literatura hispanoamericana / |
| Statement of responsibility, etc | Felipe B. Pedraza Jimenez (coordinador) |
| 250 ## - EDITION STATEMENT | |
| Edition statement | 2a ed. |
| 260 ## - PUBLICATION, DISTRIBUTION, ETC. (IMPRINT) | |
| Place of publication, distribution, etc | Estella, Navarra, España : |
| Name of publisher, distributor, etc | Cenlit Ediciones, |
| Date of publication, distribution, etc | 2000 |
| 300 ## - PHYSICAL DESCRIPTION | |
| Extent | v. ; |
| Dimensions | 20 cm. |
| 504 ## - BIBLIOGRAPHY, ETC. NOTE | |
| Bibliography, etc | Incluye referencias bibliográficas e indice |
| 505 ## - FORMATTED CONTENTS NOTE | |
| Formatted contents note | Contenido : |
| Statement of responsibility | v. I Epoca virreinal -- v.III Modernismo. |
| 650 #4 - SUBJECT ADDED ENTRY--TOPICAL TERM | |
| Topical term or geographic name as entry element | Literatura latinoamericana |
| General subdivision | Historia y critica |
| 700 1# - ADDED ENTRY--PERSONAL NAME | |
| Personal name | Pedraza Jimenez, Felipe B., |
| Fuller form of name | coord. |
| 942 ## - ADDED ENTRY ELEMENTS (KOHA) | |
| Source of classification or shelving scheme | Biblioteca del Cogreso de los Estados Unidos |
| Koha item type | Libro |
| Estado de pérdida | Fuente de clasificación | Estado del daño | No para préstamo | Ubicación permanente | Ubicación actual | Apartado o colección | Fecha de adquisición | Fuente de adquisición | Edición | Enumeración de Serie / Cronológica | Área del conocimiento | Clasificación | Código de Barras | Date last seen | Número de copia | Tipo de recurso | Nota pública |
|---|---|---|---|---|---|---|---|---|---|---|---|---|---|---|---|---|---|
| Biblioteca del Cogreso de los Estados Unidos | Biblioteca de la Facultad de Letras | Biblioteca de la Facultad de Letras | General | 08/11/2016 | Unidad Académica | 2a ed. | LLH000008730 | Educación y Humanidades | PQ7081 M36 2000 v. I | LLH000008730 | 08/11/2016 | V.I C:1 | Libro | General | |||
| Biblioteca del Cogreso de los Estados Unidos | Biblioteca de la Facultad de Letras | Biblioteca de la Facultad de Letras | General | 08/11/2016 | Unidad Académica | 1a ed. | LLH000008731 | Educación y Humanidades | PQ7081 M36 1998 v.III | LLH000008731 | 08/11/2016 | V.III C:1 | Libro | General |